| 000 | 00385cam a2200157ua 4500 | ||
|---|---|---|---|
| 041 |
_aeng _h |
||
| 082 |
_a828.09 _bMUL/ST |
||
| 100 | _aMullik, B.R. | ||
| 245 |
_aStudies in prose writers vol l / _cB R Mullik. _hTextual Documents |
||
| 260 |
_aNew Delhi : _bS.Chand and Co , _c1966. |
||
| 300 | _a60 ; . | ||
| 504 | _a | ||
| 942 | _cBK | ||
| 999 |
_c3587 _d3587 |
||